The long-term regional fertility disparity in japan

Bibliographic Details
Main Author: Nakagawa, Satoshi (Author)
Format: Article
Language:Slovak
English
PhysicalDescription:Grafy, obr., tab.
ISBN:8022318302
ISSN:0231-715X
Subjects:

MARC

LEADER 00000nab a2200000 a 4500
001 vtls009093130
003 SK-MaSNL
005 20260304164345.0
008 250507e2003 xo |||||| ab |||| a|slo
015 |a SNBRA2007/09  |2 snkbucl 
035 |a urn:nbn:sk:snk-ab8a0a 
035 |a (urnnbn)urn:nbn:sk:snk:ar-a07k20 
035 |a (uuid)7d71dbb6-a8ef-40b2-8d1b-09572e4ed1f5 
038 |a SNKBUCL 
040 |a SNKBUCL  |b slo  |c SNKBUCL  |e AACR2 
041 0 |a eng  |b slo 
044 |a xo  |c SK 
080 |a 314.2  |x (520)  |x "195/198"  |2 1997 
080 |a 911.3:314  |x (520)  |x "195/198"  |2 1997 
080 |a 364.122.5  |x (520)  |x "195/198"  |2 1997 
100 1 |a Nakagawa, Satoshi  |4 aut  |9 1492922 
245 1 4 |a The long-term regional fertility disparity in japan  |c Satoshi Nakagawa 
300 |b Grafy, obr., tab. 
504 |a Literatúra 
546 |a Res. slov. 
648 7 |a 20. stor., 2. polovica  |2 snkbucl  |9 317624 
648 7 |a 20. stor., 50.-80. r.  |2 snkbucl  |9 1085035 
650 0 7 |a regionálne rozdiely  |2 snkbucl  |9 28943 
650 0 7 |a demografický vývoj  |2 snkbucl  |9 3826 
650 0 7 |a urbanizácia  |2 snkbucl  |9 24028 
650 0 7 |a plodnosť  |2 snkbucl  |9 4661 
650 0 7 |a druhý demografický prechod  |2 snkbucl  |9 105818 
651 7 |a Japonsko  |2 snkbucl  |9 16392 
655 7 |a analýzy  |2 snkbucl  |9 22242 
773 0 |t Acta Facultatis rerum naturalium Universitatis Comenianae. Geographica 43  |d Bratislava : Univerzita Komenského, 2003  |g S. 11-34  |x 0231-715X  |z 8022318302 
850 |a Slovenská národná knižnica 
852 |a Slovenská národná knižnica 
958 |a article9 
958 |a OND 
958 |a NB 
958 |a JP 
958 |a EUIPO 
999 |c 2980521  |d 2982451